Destiny 2 Exotics - Statistics

General Stats
  • This quiz has been taken 33 times
  • The average score is 49 of 138
Answer Stats
Auto Rifles Answer % Correct
Kinetic Ace of Spades
76%
Kinetic The Last Word
76%
Kinetic Thorn
72%
Power Whisper of the Worm
72%
Kinetic Hawkmoon
60%
Kinetic Outbreak Perfected
60%
Energy Graviton Lance
56%
Kinetic Lumina
56%
Energy Sunshot
56%
Power Thunderlord
56%
Power D.A.R.C.I.
52%
Power Leviathan's Breath
52%
Kinetic MIDA Multi-Tool
52%
Kinetic Rat King
52%
Energy Riskrunner
52%
Kinetic Suros Regime
52%
Kinetic Arbalest
48%
Power Legend of Acrius
48%
Kinetic Sweet Business
48%
Energy Trinity Ghoul
48%
Kinetic Wish Ender
48%
Kinetic Witherhoard
48%
Kinetic Cerberus +1
44%
Energy Coldheart
44%
Kinetic Crimson
44%
Energy Hard Light
44%
Energy Tarrabah
44%
Kinetic The Jade Rabbit
44%
Power Tractor Cannon
44%
Power Truth
44%
Power Xenophage
44%
Power Anarchy
40%
Energy Divinity
40%
Energy Ergo Sum
40%
Energy Eriana's Vow
40%
Kinetic Euphony
40%
Energy Fighting Lion
40%
Energy Le Monarque
40%
Kinetic Malfeasance
40%
Power Microcosm
40%
Kinetic Monte Carlo
40%
Kinetic New Land Beyond
40%
Energy Polaris Lance
40%
Kinetic Praxic Blade
40%
Energy Prometheus Lens
40%
Power Sleeper Simulant
40%
Kinetic The Chaperone
40%
Kinetic The Huckleberry
40%
Power The Lament
40%
Power The Wardcliff Coil
40%
Kinetic Vigilance Wing
40%
Power Winterbite
40%
Energy Borealis
36%
Energy Duality
36%
Power Eyes of Tomorrow
36%
Power Gjallarhorn
36%
Energy Ice Breaker
36%
Kinetic Izanagi's Burden
36%
Energy Jotunn
36%
Energy Lord of Wolves
36%
Power One Thousand Voices
36%
Power Parasite
36%
Power The Prospector
36%
Kinetic Traveler's Chosen
36%
Power Two-Tailed Fox
36%
Energy Wavesplitter
36%
Kinetic Ager's Scepter
32%
Energy Choir of One
32%
Energy Cloudstrike
32%
Power Deterministic Chaos
32%
Power Heir Apparent
32%
Energy Heirloom
32%
Kinetic Khvostov 7G-0X
32%
Energy Merciless
32%
Kinetic Necrochasm
32%
Kinetic Osteo Striga
32%
Kinetic Quicksilver Storm
32%
Kinetic Revision Zero
32%
Kinetic Sturm
32%
Energy Symmetry
32%
Energy Telesto
32%
Kinetic The Navigator
32%
Power The Queenbreaker
32%
Kinetic Touch of Malice
32%
Energy Trespasser
32%
Energy Vexcalibur
32%
Energy Vex Mythoclast
32%
Kinetic Wish Keeper
32%
Power Worldline Zero
32%
Kinetic Alethonym
28%
Kinetic Bad Juju
28%
Power Black Talon
28%
Kinetic Conditional Finality
28%
Kinetic Cryosthesia 77K
28%
Power Dragon's breath
28%
Energy Hierarchy of Needs
28%
Energy Red Death Reformed
28%
Energy Still Hunt
28%
Power The Colony
28%
Energy The Fourth Horseman
28%
Energy Ticuu's Divination
28%
Energy Tommy's Matchbook
28%
Kinetic Verglas Curve
28%
Energy Buried Bloodline
24%
Energy Collective Obligation
24%
Kinetic Dead Man's Tale
24%
Energy Dead Messenger
24%
Power Deathbringer
24%
Energy Delicate Tomb
24%
Energy Devil's Ruin
24%
Energy Edge of Action
24%
Energy Edge of Concurrence
24%
Energy Edge of Intent
24%
Power Grand Overture
24%
Energy Graviton Spike
24%
Power Heartshadow
24%
Energy Lorentz Driver
24%
Energy Ruinous Effigy
24%
Power Salvation's Grip
24%
Energy Skyburner's Oath
24%
Energy The Manticore
24%
Energy Third Iteration
24%
Power Wolfsbane
24%
Kinetic Barrow-Dyad
20%
Kinetic Bastion
20%
Kinetic Forerunner
20%
Energy Lodestar
20%
Kinetic No Time To Explain
20%
Power Service of Luzaku
20%
Energy Tesselation
20%
Power Whirling Ovation
20%
Kinetic Wicked Implement
20%
Energy Centrifuse
16%
Energy Ex Diris
16%
Power Finality's Auger
16%
Kinetic Final Warning
16%
Kinetic New Malpais
16%
Energy Slayer's Fang
12%
No matching quizzes found
Score Distribution
Percent of People with Each Score
Percentile by Number Answered
Your Score History
You have not taken this quiz